Bytový dom

Guardado en:
Detalles Bibliográficos
Autor principal: Pirková, Mária (Autor)
Otros Autores: Palko, Milan (Orientador)
Formato: Manuscrito Libro
Lenguaje:eslovaco
Publicado: 2025
Materias:
Acceso en línea:http://is.stuba.sk/zp/portal_zp.pl?podrobnosti=193320
CRZP
Etiquetas: Agregar Etiqueta
Sin Etiquetas, Sea el primero en etiquetar este registro!

MARC

LEADER 00000ntm a22000003a 4500
001 stuzp105750
003 SK-STU
005 20250729133519.3
007 ta
008 150427s2015----xo-----f-mn---000-0-slo-d
040 |a STU  |b slo 
041 0 |a slo 
100 1 |a Pirková, Mária  |u 010180  |4 aut  |U SvF Stavebná fakulta  |T SvF Katedra konštrukcií pozemných stavieb  |X 105633  |U V180  |Y 18  |7 105633 
242 0 1 |a Residential building  |y eng 
245 1 0 |a Bytový dom 
260 |c 2025 
650 4 |a tepelno-technické posúdenie  |2 slo 
650 4 |a projektová dokumentácia  |2 slo 
650 4 |a bytový dom  |2 slo 
650 4 |a project documentation  |2 eng 
650 4 |a apartment house  |2 eng 
650 4 |a thermal-technical assessment  |2 eng 
700 1 |a Palko, Milan  |u 010180  |k Z1  |4 ths  |U SvF Stavebná fakulta  |T SvF Katedra konštrukcií pozemných stavieb  |X 2552  |U V180  |Y 18  |7 A000002552 
856 4 |u http://is.stuba.sk/zp/portal_zp.pl?podrobnosti=193320 
856 4 |u https://opac.crzp.sk/?fn=detailBiblioForm&sid=C9A1C75A261DD259FD82401E26A3  |z CRZP